000 00626nam a22002297a 4500
003 UA-OsUOA
001 85309
007 ta
008 20120622b un ||||| |||| 00| 0 ukr d
100 _aБоовский А.В.
700 _aРозов Н.Х.
090 _a101
_bБ81
942 _cSA
040 _aUA-OsUOA
_brus
_cUA-OsUOA
_dUA-OsUOA
245 _aКатегория деятельности и деятельностные принципы в педагогике
300 _aС.90-103
955 _a0
041 _arus
080 _a101
773 0 _w85302
650 7 _a1 Філософські науки
_2UDC
999 _c371631
_d371631